00505nam a2200169 a 450000500170000000800410001702000180005805000240007610000200010024500600012025000180018026000470019830000130024544000320025865000130029065000320030320140414132127.0130204s19uu xx 00 eng d a9780328688524 aTR 372.4bF716 2011 aForesman, Scott aFirst stop on reading street Grade 3: Unit 2 volume 1/. aInternational aUnited States :bPearson Education,c2011. aiii,563p aMy Teaching Library Package aReading. aReading-study and teaching.